[Event "CZE-ch U16 Girls"]
[Site "Sec u Chrudimi"]
[Date "2007.03.17"]
[Round "9"]
[White "Soltysova, Andrea"]
[Black "Premusova, Radka"]
[Result "1-0"]
[WhiteElo "1328"]
[BlackElo "1250"]
[PlyCount "81"]
[EventDate "2007.03.10"]
[EventType "swiss"]
[EventRounds "9"]
[EventCountry "CZE"]
[SourceTitle "EXT 2008"]
[Source "ChessBase"]
[SourceDate "2007.11.25"]
[SourceVersion "1"]
[SourceVersionDate "2007.11.25"]
[SourceQuality "1"]

1. d4 d5 2. c4 c6 3. Nf3 Nf6 4. Nc3 dxc4 5. e4 Bg4 6. Bxc4 e6 7. e5 Nfd7 8. 0-0 Bb4 9. a3 Bxc3 10. bxc3 0-0 11. Bd3 c5 12. Re1 f6 13. Qc2 g6 14. Bh6 f5 15. Bxf8 Qxf8 16. Bc4 Qe7 17. Qb3 Nf8 18. Rab1 b6 19. d5 f4 20. d6 Qf7 21. h3 Bxf3 22. gxf3 Qf5 23. Kh2 Nbd7 24. Bd5 Re8 25. Bc6 g5 26. Be4 Qf7 27. Rg1 h6 28. h4 Qh5 29. Kh3 Qxh4+ 30. Kg2 Nxe5 31. Rh1 c4 32. Qb5 Rd8 33. Rxh4 gxh4 34. Qxe5 Rd7 35. Rg1 Rg7+ 36. Kh2 Rxg1 37. Kxg1 h3 38. d7 Nxd7 39. Qxe6+ Kf8 40. Qxd7 a5 41. Bg6 1-0

[Event "CZE-ch U16 Girls"]
[Site "Sec u Chrudimi"]
[Date "2007.03.14"]
[Round "6"]
[White "Premusova, Radka"]
[Black "Baloghova, Darina"]
[Result "1-0"]
[WhiteElo "1250"]
[BlackElo "1250"]
[PlyCount "72"]
[EventDate "2007.03.10"]
[EventType "swiss"]
[EventRounds "9"]
[EventCountry "CZE"]
[SourceTitle "EXT 2008"]
[Source "ChessBase"]
[SourceDate "2007.11.25"]
[SourceVersion "1"]
[SourceVersionDate "2007.11.25"]
[SourceQuality "1"]

1. e4 c5 2. Nc3 e5 3. Nf3 d6 4. Bc4 Bg4 5. d3 Nf6 6. h3 Bxf3 7. Qxf3 Be7 8. Bg5 0-0 9. 0-0-0 Nc6 10. Nd5 Nxd5 11. Bxe7 Ndxe7 12. Qh5 Ng6 13. g3 a6 14. Rhf1 b5 15. Bd5 Rc8 16. f4 Nge7 17. Bb3 g6 18. Qh6 Nd4 19. f5 Nxb3+ 20. cxb3 f6 21. g4 g5 22. h4 Kh8 23. hxg5 fxg5 24. Rh1 Rf7 25. f6 Ng8 26. Qxg5 Qxf6 27. Qh5 Qf4+ 28. Kb1 Qf6 29. g5 Qg7 30. g6 Rd7 31. Rh2 Nf6 32. Qg5 Rg8 33. Rg1 Re7 34. Rh6 Qf8 35. Rf1 Rf7 36. Rxf6 Rxf6 1-0

[Event "CZE-ch U16 Girls"]
[Site "Sec u Chrudimi"]
[Date "2007.03.12"]
[Round "3"]
[White "Premusova, Radka"]
[Black "Madlova, Tereza"]
[Result "1-0"]
[WhiteElo "1250"]
[BlackElo "1250"]
[PlyCount "111"]
[EventDate "2007.03.10"]
[EventType "swiss"]
[EventRounds "9"]
[EventCountry "CZE"]
[SourceTitle "EXT 2008"]
[Source "ChessBase"]
[SourceDate "2007.11.25"]
[SourceVersion "1"]
[SourceVersionDate "2007.11.25"]
[SourceQuality "1"]

1. e4 e5 2. Nf3 Nc6 3. Nc3 Nf6 4. Bc4 Bb4 5. 0-0 0-0 6. d3 d6 7. Bg5 Bg4 8. Nd5 a6 9. Bxf6 gxf6 10. c3 Bc5 11. b4 Bb6 12. b5 axb5 13. Bxb5 Na7 14. Bc4 Ba5 15. h3 Bh5 16. Rb1 c6 17. Ne3 b5 18. Bb3 Bxc3 19. Ng4 b4 20. Nh6+ Kh8 21. g4 Bg6 22. Nh4 Qd7 23. Qf3 Kg7 24. N6f5+ Bxf5 25. gxf5 Rg8 26. Qh5 Kh8+ 27. Kh1 Rg7 28. Rg1 Rag8 29. Rxg7 Rxg7 30. Qh6 Qd8 31. Bxf7 Rxf7 32. Rg1 Qe8 33. Ng6+ Kg8 34. Nxe5+ Kh8 35. Ng6+ Kg8 36. Ne7+ Kh8 37. Rg8+ Qxg8 38. Ng6+ Qxg6 39. fxg6 Rg7 40. Qf4 Be5 41. Qe3 Nb5 42. gxh7 Rxh7 43. Qc1 c5 44. f4 Bd4 45. Kg2 Nc3 46. Qd2 Rg7+ 47. Kf3 Nb5 48. Qe1 Bc3 49. Qh4+ Rh7 50. Qg4 Nd4+ 51. Kf2 Nb5 52. Qc8+ Kg7 53. Qd7+ Kg6 54. Qxb5 Rxh3 55. Qe8+ Kh6 56. Qh8+ 1-0